[Event "Chioggia op-C 11th"]
[Site "Chioggia"]
[Date "2016.10.08"]
[Round "3"]
[White "Bosi, Ettore"]
[Black "Beneventi, Riccardo"]
[Result "1-0"]
[WhiteElo "1191"]
[BlackElo "1440"]
[PlyCount "47"]
[EventDate "2016.10.07"]
[EventType "swiss"]
[EventRounds "5"]
[EventCountry "ITA"]
[SourceTitle "EXT 2022"]
[Source "ChessBase"]
[SourceDate "2021.10.06"]
[SourceVersion "1"]
[SourceVersionDate "2021.10.06"]
[SourceQuality "1"]

1. e4 e5 2. Nf3 Nf6 3. d4 d6 4. Bc4 Bg4 5. dxe5 dxe5 6. Bxf7+ Kxf7 7. Qxd8 Ne8 8. Nxe5+ Ke6 9. Qxe8+ Kd6 10. Nxg4 Nd7 11. Qxa8 Nb6 12. Qxb7 Be7 13. Bf4+ Kd7 14. Qxc7+ Ke8 15. 0-0 Na8 16. Qb8+ Kf7 17. Qxh8 Nc7 18. Nc3 Ne6 19. Nd5 Nf8 20. Nxe7 Ng6 21. Qxg7+ Ke8 22. Rad1 Nxe7 23. Bg5 a5 24. Qxe7# 1-0